|
|
|
|
| LEADER |
00946nam a2200253 u 4500 |
| 001 |
10016732 |
| 003 |
upatras |
| 005 |
20210117205018.0 |
| 008 |
881025s1997 uk eng |
| 020 |
|
|
|a 1853833045
|
| 040 |
|
|
|a GR-PaULI
|c GR-PaULI
|
| 041 |
0 |
|
|a eng
|
| 082 |
0 |
4 |
|a 333.72
|
| 100 |
1 |
|
|a Adams, W. M.
|9 138238
|
| 245 |
1 |
0 |
|a Future nature
|b a vision for conservation
|c W. M. Adams
|
| 260 |
|
|
|a London
|b Earthscan Publications
|c 1997
|
| 300 |
|
|
|a xi, 226 p.
|c 22 cm.
|
| 650 |
|
4 |
|a Φυσικοί πόροι
|x Διαχείριση
|9 416
|
| 650 |
|
4 |
|9 280
|a Περιβάλλον
|x Προστασία
|
| 852 |
|
|
|a GR-PaULI
|b ΠΑΤΡΑ
|b ΒΚΠ
|b ΒΣ1
|k ΑΣΧΞ
|h 333.72 ADA
|m 38079
|p 025000007301
|t 1
|
| 942 |
|
|
|2 ddc
|c BK15
|
| 952 |
|
|
|0 0
|1 0
|4 0
|6 333_720000000000000_ADA
|7 0
|9 165935
|a LISP
|b LISP
|c BSC
|d 2016-04-24
|i 38079
|l 0
|o 333.72 ADA
|p 025000007301
|r 2016-04-24 00:00:00
|t 1
|w 2016-04-24
|y BK15
|
| 998 |
|
|
|c ΒΑΣΙΛΕΙΟΥ
|d 2009-12
|
| 999 |
|
|
|c 103955
|d 103955
|